000 00876nam a2200253 i 4500
001 bg
100 1 _aJACYSZYN, Jerzy
245 1 0 _aKodeks spółek handlowych :
_bkomentarz, orzecznictwo /
_cJerzy Jacyszyn, Sławomir Krześ, Elwira Marszałkowska-Krześ.
250 _aStan prawny na 31 marca 2001 r.
260 _aWarszawa :
_b"Librata",
_ccop. 2001.
300 _a824 s. ;
_c25 cm.
500 _aUstawy dodatkowe - ustawa Prawo działalności gospodarczej, ustawa o Krajowym Rejestrze Sądowym.
504 _aBibliogr. przy rozdz. - Indeks.
650 9 _aSpółki handlowe
_xprawo
_zPolska
_ystan na 2001 r.
700 1 _aKRZEŚ, Sławomir
700 1 _aMARSZAŁKOWSKA-KRZEŚ, Elwira
020 _a8387271209
040 _cBPK
041 0 _apl
080 _a347.72(438)
920 _a83-87271-20-9
942 _cKS
008 s pl f |000 0 pol
999 _c39702
_d39702
856 _uhttp://koha.tu.koszalin.pl/cgi-bin/koha/opac-detail.pl?biblionumber=39702
_yKatalog online BPK